Lyrics to Lights Up by Harry Styles - Statistics

General Stats
  • This quiz has been taken 1,325 times
  • The average score is 168 of 206
Answer Stats
Lyric % Correct
I
98%
you
98%
do
97%
Do
97%
light
97%
the
97%
I'm
95%
so
95%
who
93%
back
91%
know
91%
Know
91%
are
90%
are?
90%
What
90%
lights
89%
Lights
89%
up
89%
mean?
88%
sorry
88%
way
88%
by
87%
into
85%
Never
84%
step
84%
ever
83%
not
83%
going
82%
bright
80%
sometimes
80%
and
79%
could,
79%
my
78%
Shine,
78%
All
77%
da
76%
da)
76%
coming
75%
down
75%
Runnin'
75%
dark
73%
heart
73%
stay
73%
through
73%
out
72%
sweet
72%
couldn't
71%
put
71%
same
69%
Be
68%
it
68%
just
66%
things
66%
if
65%
(La
65%
La
65%
but
64%
see?
64%
wouldn't
63%
Wouldn't
63%
that
62%
they
62%
Can't
61%
like
60%
stayed
59%
(oh)
57%
now
56%
around
55%
No matching quizzes found
Score Distribution
Percent of People with Each Score
Percentile by Number Answered
Your Score History
You have not taken this quiz